| 000 | 01750cam a2200337 a 4500 | ||
|---|---|---|---|
| 999 |
_c27202 _d27202 |
||
| 001 | 15915107 | ||
| 003 | OSt | ||
| 005 | 20170207154003.0 | ||
| 008 | 090921s2010 ctuabf b 001 0 eng | ||
| 010 | _a 2009039258 | ||
| 015 |
_aGBB050644 _2bnb |
||
| 016 | 7 |
_a015530587 _2Uk |
|
| 020 | _a9780300152661 (cloth : alk. paper) | ||
| 020 | _a0300152663 (cloth : alk. paper) | ||
| 035 | _a(OCoLC)ocn439904249 | ||
| 040 |
_aDLC _cDLC _dYDX _dYDXCP _dBWX _dCDX _dMOF _dUKM _dDLC |
||
| 043 | _ae-fr--- | ||
| 050 | 0 | 0 |
_aN5310.5.F7 _bD47 2010 |
| 082 | 0 | 0 |
_a709.01/12094472 _222 |
| 100 | 1 |
_aDesdemaines-Hugon, Christine, _d1946- |
|
| 245 | 1 | 0 |
_aStepping-stones : _ba journey through the Ice Age caves of the Dordogne / _cChristine Desdemaines-Hugon ; foreword by Ian Tattersall. |
| 246 | 3 | 0 | _aJourney through the Ice Age caves of the Dordogne |
| 260 |
_aNew Haven [Conn.] : _bYale University Press, _cc2010. |
||
| 300 |
_axix, 222 p., [30] p. of plates : _bill. (some col.), maps ; _c25 cm. |
||
| 504 | _aIncludes bibliographical references and index. | ||
| 505 | 0 | _aFreshly plowed fields in the Vézère Valley -- Font de Gaume -- Millions of years ago -- Neanderthals and Homo sapiens -- Combarelles -- Venus figures, blades, beads, and bone -- Rouffignac -- Laurel leaves and needles -- Cap Blanc -- Art at its peak -- Bernifal. | |
| 650 | 0 |
_aArt, Prehistoric _zFrance _zDordogne. |
|
| 650 | 0 |
_aCave paintings _zFrance _zDordogne. |
|
| 906 |
_a7 _bcbc _corignew _d1 _eecip _f20 _gy-gencatlg |
||
| 942 |
_2lcc _cBOOKS _hN 5310.5 .F7D47 2010 |
||